000 00585nam a2200193Ia 4500
005 20250923150305.0
008 008 250917s9999 xx 000 0 eng d
037 _aTextual
040 _aDSWL
_beng
_cDSWL
041 _aeng
_2eng
084 _aX:538, Q1
_qDSWL
100 _aMarkandey, Kalpana
_9844350
245 0 _aGolablisation , environment and human evelopment
_cby Kalpana Markandey
260 _aJaipur
_bRawat Publications India
_c2011
300 _axi,423p.
650 _a HADRI S SIM
_9844351
942 _cTEXL
_hX:538, Q1
999 _c1461751
_d1461751